[Event "84th ESP-ch 2019"]
[Site "Marbella"]
[Date "2019.11.16"]
[Round "1.37"]
[White "Martin Carmona, Gaston Manuel"]
[Black "Lozano Aguilar, Juan Francisco"]
[Result "1-0"]
[WhiteElo "2304"]
[BlackElo "1768"]
[Annotator "NA"]
[PlyCount "57"]
[EventDate "2019.11.16"]
[EventType "swiss"]
[EventCountry "ESP"]
[SourceTitle "playchess.com"]
[Source "ChessBase"]
[SourceQuality "1"]
[TimeControl "5400+30"]

1. e4 {[%emt 0:00:01]} d5 {[%emt 0:00:00]} 2. exd5 {[%emt 0:00:33]} Qxd5 {[%emt 0:00:00]} 3. Nc3 {[%emt 0:00:24]} Qa5 {[%emt 0:00:09]} 4. d4 {[%emt 0:00:26]} c6 {[%emt 0:00:13]} 5. Nf3 {[%emt 0:00:09]} Nf6 {[%emt 0:00:38]} 6. Bc4 {[%emt 0:00:25]} Bg4 {[%emt 0:00:42]} 7. h3 {[%emt 0:00:52]} Bh5 {[%emt 0:02:03]} 8. Bd2 {[%emt 0:06:59]} Qc7 {[%emt 0:05:25]} 9. Qe2 {[%emt 0:00:40]} e6 {[%emt 0:01:29]} 10. g4 {[%emt 0:01:41]} Bg6 {[%emt 0:00:13]} 11. Ne5 {[%emt 0:02:42]} Be7 {[%emt 0:05:12]} 12. h4 {[%emt 0:04:28]} Qb6 {[%emt 0:12:28]} 13. O-O-O {[%emt 0:07:13]} Qxd4 {[%emt 0:08:59]} 14. h5 {[%emt 0:04:04]} Be4 {[%emt 0:11:04]} 15. Bf4 {[%emt 0:02:13]} Bd3 {[%emt 0:04:56]} 16. Qf3 {[%emt 0:01:31]} Nd5 {[%emt 0:07:08]} 17. Nxd5 {[%emt 0:03:25]} cxd5 {[%emt 0:00:40]} 18. Rxd3 {[%emt 0:04:48]} Qb6 {[%emt 0:01:45]} 19. Be3 {[%emt 0:00:40]} Qb4 {[%emt 0:00:55]} 20. Qxf7+ {[%emt 0:00:18]} Kd8 {[%emt 0:00:15]} 21. Qxe6 {[%emt 0:00:38]} Rf8 {[%emt 0:03:35]} 22. Rxd5+ {[%emt 0:00:50]} Kc7 {[%emt 0:01:21]} 23. Rhd1 {[%emt 0:01:11]} Rd8 {[%emt 0:01:15]} 24. Rd7+ {[%emt 0:01:18]} Rxd7 {[%emt 0:00:47]} 25. Rxd7+ {[%emt 0:00:06]} Nxd7 {[%emt 0:00:32]} 26. Qxd7+ {[%emt 0:00:10]} Kb8 {[%emt 0:00:09]} 27. Nc6+ {[%emt 0:00:09]} bxc6 {[%emt 0:00:25]} 28. Bf4+ {[%emt 0:00:08]} Bd6 {[%emt 0:01:04]} 29. Bxd6+ {[%emt 0:00:21] Qb6 Bf1+} 1-0

[Event "84th ESP-ch 2019"]
[Site "Marbella"]
[Date "2019.11.16"]
[Round "1.38"]
[White "Fernandez Cantalapiedra, Isabel"]
[Black "Zurano Lopez, Pedro"]
[Result "0-1"]
[WhiteElo "1754"]
[BlackElo "2292"]
[Annotator "NA"]
[PlyCount "114"]
[EventDate "2019.11.16"]
[EventType "swiss"]
[EventCountry "ESP"]
[SourceTitle "playchess.com"]
[Source "ChessBase"]
[SourceQuality "1"]
[TimeControl "5400+30"]

1. d4 {[%emt 0:00:00]} Nf6 {[%emt 0:00:00]} 2. Nf3 {[%emt 0:00:00]} e6 {[%emt 0:00:01]} 3. Bf4 {[%emt 0:00:03]} b6 {[%emt 0:02:03]} 4. e3 {[%emt 0:01:13]} Bb7 {[%emt 0:02:03]} 5. Bd3 {[%emt 0:02:57]} d6 {[%emt 0:02:49]} 6. h3 {[%emt 0:01:05]} Nbd7 {[%emt 0:02:27]} 7. Bh2 {[%emt 0:04:00]} Ne4 {[%emt 0:03:45]} 8. O-O {[%emt 0:01:31]} g6 {[%emt 0:06:25]} 9. c4 {[%emt 0:02:50]} Bg7 {[%emt 0:02:40]} 10. Qc2 {[%emt 0:08:07]} f5 {[%emt 0:02:07]} 11. Nbd2 {[%emt 0:04:31]} Nxd2 {[%emt 0:02:18]} 12. Nxd2 {[%emt 0:09:16]} O-O {[%emt 0:03:35]} 13. Rfe1 {[%emt 0:02:11]} a5 {[%emt 0:06:01]} 14. Be2 {[%emt 0:08:49]} e5 {[%emt 0:12:29]} 15. Bf3 {[%emt 0:02:54]} e4 {[%emt 0:04:29]} 16. Be2 {[%emt 0:00:47]} Qe7 {[%emt 0:06:00]} 17. Bf1 {[%emt 0:06:35]} a4 {[%emt 0:03:28]} 18. b4 {[%emt 0:05:40]} axb3 {[%emt 0:05:48]} 19. Nxb3 {[%emt 0:06:23]} Ra3 {[%emt 0:04:57]} 20. Rad1 {[%emt 0:09:32]} Rfa8 {[%emt 0:00:56]} 21. Rd2 {[%emt 0:01:39]} Kh8 {[%emt 0:04:21]} 22. Rc1 {[%emt 0:03:42]} c5 {[%emt 0:08:44]} 23. Rcd1 {[%emt 0:02:43]} Bc6 {[%emt 0:00:07]} 24. Qb1 {[%emt 0:05:56]} Ba4 {[%emt 0:01:58]} 25. dxc5 {[%emt 0:02:46]} dxc5 {[%emt 0:00:07]} 26. Bc7 {[%emt 0:01:15]} Rc8 {[%emt 0:02:41]} 27. Bd6 {[%emt 0:00:52]} Qe6 {[%emt 0:01:05]} 28. Bg3 {[%emt 0:04:33]} Bc6 {[%emt 0:02:45]} 29. Rd6 {[%emt 0:00:30]} Qe8 {[%emt 0:00:16]} 30. Qc1 {[%emt 0:01:40]} Rxa2 {[%emt 0:00:26]} 31. R1d2 {[%emt 0:00:45]} Rxd2 {[%emt 0:00:41]} 32. Qxd2 {[%emt 0:00:02]} Ne5 {[%emt 0:00:44]} 33. Nc1 {[%emt 0:00:25]} Nf7 {[%emt 0:00:35]} 34. Ne2 {[%emt 0:01:14]} Nxd6 {[%emt 0:00:20]} 35. Qxd6 {[%emt 0:00:08]} Qd7 {[%emt 0:00:52]} 36. Qf4 {[%emt 0:00:35]} h6 {[%emt 0:00:59]} 37. h4 {[%emt 0:00:46]} Kh7 {[%emt 0:00:08]} 38. Bh2 {[%emt 0:00:33]} Qe6 {[%emt 0:01:13]} 39. Qg3 {[%emt 0:00:26]} Be8 {[%emt 0:01:28]} 40. Nf4 {[%emt 0:00:20]} Qd6 {[%emt 0:02:23]} 41. Qh3 {[%emt 0:00:35]} Be5 {[%emt 0:00:11]} 42. h5 {[%emt 0:00:23]} Rc6 {[%emt 0:00:42]} 43. hxg6+ {[%emt 0:00:35]} Bxg6 {[%emt 0:00:17]} 44. Bg3 {[%emt 0:00:29]} Qf6 {[%emt 0:01:13]} 45. Nd5 {[%emt 0:00:35]} Qg7 {[%emt 0:00:15]} 46. Bh4 {[%emt 0:00:32]} Re6 {[%emt 0:00:23]} 47. Be2 {[%emt 0:00:20]} Qf7 {[%emt 0:00:44]} 48. Bg5 {[%emt 0:00:13]} Qg7 {[%emt 0:01:11]} 49. g4 {[%emt 0:00:49]} Bf7 {[%emt 0:00:31]} 50. Bf4 {[%emt 0:00:41]} Bxf4 {[%emt 0:01:13]} 51. Nxf4 {[%emt 0:00:04]} Re5 {[%emt 0:00:26]} 52. Kh2 {[%emt 0:00:57]} fxg4 {[%emt 0:00:30]} 53. Bxg4 {[%emt 0:00:27]} Qg5 {[%emt 0:00:07]} 54. Bc8 {[%emt 0:00:33]} h5 {[%emt 0:00:27]} 55. Bd7 {[%emt 0:00:31]} Bxc4 {[%emt 0:00:40]} 56. Bc6 {[%emt 0:00:27]} Qg4 {[%emt 0:00:28]} 57. Qxg4 {[%emt 0:00:34]} hxg4 {[%emt 0:00:07]} 0-1

[Event "84th ESP-ch 2019"]
[Site "Marbella"]
[Date "2019.11.16"]
[Round "1.39"]
[White "Medarde Santiago, Luis Marcos"]
[Black "Juan Lepp, Jaime Boris"]
[Result "1-0"]
[WhiteElo "2285"]
[BlackElo "1746"]
[Annotator "NA"]
[PlyCount "41"]
[EventDate "2019.11.16"]
[EventType "swiss"]
[EventCountry "ESP"]
[SourceTitle "playchess.com"]
[Source "ChessBase"]
[SourceQuality "1"]
[TimeControl "5400+30"]

1. e4 {[%emt 0:03:13]} Nc6 {[%emt 0:00:05]} 2. Nf3 {[%emt 0:00:53]} f5 {[%emt 0:00:33]} 3. exf5 {[%emt 0:01:12]} d5 {[%emt 0:00:09]} 4. d4 {[%emt 0:00:11]} Bxf5 {[%emt 0:00:11]} 5. Bb5 {[%emt 0:03:17]} Qd6 {[%emt 0:00:19]} 6. Ne5 {[%emt 0:03:19]} Nf6 {[%emt 0:00:26]} 7. O-O {[%emt 0:03:35]} Nd7 {[%emt 0:00:25]} 8. Bf4 {[%emt 0:12:20]} Ncxe5 {[%emt 0:02:20]} 9. Bxe5 {[%emt 0:00:43]} Qb6 {[%emt 0:01:13]} 10. Bxd7+ {[%emt 0:03:21]} Kxd7 {[%emt 0:05:42]} 11. Nc3 {[%emt 0:01:58]} e6 {[%emt 0:08:10]} 12. Rb1 {[%emt 0:00:56]} Bd6 {[%emt 0:07:30]} 13. Re1 {[%emt 0:01:14]} Bxe5 {[%emt 0:09:15]} 14. Rxe5 {[%emt 0:01:33]} Qc6 {[%emt 0:05:30]} 15. Nxd5 {[%emt 0:12:51]} Bxc2 {[%emt 0:05:12]} 16. Qg4 {[%emt 0:09:14]} Rhg8 {[%emt 0:09:52]} 17. Rbe1 {[%emt 0:04:55]} Rae8 {[%emt 0:16:32]} 18. Nb4 {[%emt 0:08:22]} Qc4 {[%emt 0:02:16]} 19. Nxc2 {[%emt 0:00:30]} Qxc2 {[%emt 0:00:27]} 20. Rxe6 {[%emt 0:00:14]} Kd8 {[%emt 0:00:48]} 21. Qg5+ {[%emt 0:00:06]} 1-0

[Event "84th ESP-ch 2019"]
[Site "Marbella"]
[Date "2019.11.16"]
[Round "1.40"]
[White "Munoz Jorva, Miguel Angel"]
[Black "Hernando Rodrigo, Julio Antonio"]
[Result "0-1"]
[WhiteElo "1721"]
[BlackElo "2271"]
[Annotator "NA"]
[PlyCount "54"]
[EventDate "2019.11.16"]
[EventType "swiss"]
[EventCountry "ESP"]
[SourceTitle "playchess.com"]
[Source "ChessBase"]
[SourceQuality "1"]
[TimeControl "5400+30"]

1. d4 {[%emt 0:00:00]} Nf6 {[%emt 0:00:00]} 2. c4 {[%emt 0:00:09]} e6 {[%emt 0:00:17]} 3. Nf3 {[%emt 0:01:41]} Bb4+ {[%emt 0:00:17]} 4. Bd2 {[%emt 0:00:48]} Qe7 {[%emt 0:00:30]} 5. a3 {[%emt 0:02:57]} Bxd2+ {[%emt 0:00:07]} 6. Qxd2 {[%emt 0:00:40]} d5 {[%emt 0:03:26]} 7. e3 {[%emt 0:02:07]} O-O {[%emt 0:00:20]} 8. Nc3 {[%emt 0:01:43]} b6 {[%emt 0:03:24]} 9. cxd5 {[%emt 0:04:39]} exd5 {[%emt 0:00:11]} 10. Be2 {[%emt 0:02:56]} Bb7 {[%emt 0:01:02]} 11. O-O {[%emt 0:01:13]} Nbd7 {[%emt 0:02:07]} 12. Rac1 {[%emt 0:10:05]} c5 {[%emt 0:01:37]} 13. Rfd1 {[%emt 0:08:32]} c4 {[%emt 0:04:56]} 14. Qe1 {[%emt 0:07:15]} a6 {[%emt 0:07:01]} 15. Na2 {[%emt 0:25:03]} a5 {[%emt 0:07:31]} 16. Nd2 {[%emt 0:06:09]} Bc6 {[%emt 0:09:40]} 17. Ra1 {[%emt 0:03:57]} b5 {[%emt 0:00:54]} 18. Bf3 {[%emt 0:09:41]} Rfc8 {[%emt 0:12:32]} 19. Rdc1 {[%emt 0:00:23]} b4 {[%emt 0:02:16]} 20. axb4 {[%emt 0:02:32]} axb4 {[%emt 0:00:15]} 21. Nxc4 {[%emt 0:01:39]} dxc4 {[%emt 0:02:36]} 22. Qxb4 {[%emt 0:01:10]} Qxb4 {[%emt 0:05:36]} 23. Nxb4 {[%emt 0:01:04]} Bxf3 {[%emt 0:00:26]} 24. gxf3 {[%emt 0:00:13]} Rab8 {[%emt 0:01:02]} 25. Ra4 {[%emt 0:01:12]} Rb5 {[%emt 0:02:04]} 26. Nd3 {[%emt 0:02:20]} Nb6 {[%emt 0:00:58]} 27. Rb4 {[%emt 0:00:13]} cxd3 {[%emt 0:00:47]} 0-1

[Event "84th ESP-ch 2019"]
[Site "Marbella"]
[Date "2019.11.16"]
[Round "1.41"]
[White "Jimenez Ruano, Adrian"]
[Black "Estevez Sacristan, Deva"]
[Result "1-0"]
[WhiteElo "2269"]
[BlackElo "1719"]
[Annotator "ChessBase"]
[PlyCount "139"]
[EventDate "2019.11.16"]
[EventType "swiss"]
[EventCountry "ESP"]
[SourceTitle "playchess.com"]
[Source "ChessBase"]
[SourceQuality "1"]
[TimeControl "5400+30"]

1. d4 {[%emt 0:00:00]} f5 {[%emt 0:00:00]} 2. Bg5 {[%emt 0:00:00]} g6 {[%emt 0:00:00]} 3. Nc3 {[%emt 0:01:07]} Bg7 {[%emt 0:00:23]} 4. h4 {[%emt 0:00:43]} d6 {[%emt 0:06:16]} 5. e4 {[%emt 0:06:07]} fxe4 {[%emt 0:02:20]} 6. Nxe4 {[%emt 0:03:56]} d5 {[%emt 0:03:09]} 7. Ng3 {[%emt 0:02:35]} c5 {[%emt 0:12:07]} 8. Qd2 {[%emt 0:37:02]} Nc6 {[%emt 0:09:25]} 9. Bb5 {[%emt 0:11:41]} Bxd4 {[%emt 0:19:34]} 10. c3 {[%emt 0:01:35]} Bg7 {[%emt 0:01:07]} 11. N1e2 {[%emt 0:02:21]} a6 {[%emt 0:04:27]} 12. Ba4 {[%emt 0:06:57]} b5 {[%emt 0:03:51]} 13. Bc2 {[%emt 0:00:56]} Ne5 {[%emt 0:05:49]} 14. Rd1 {[%emt 0:08:39]} Bb7 {[%emt 0:08:06]} 15. h5 {[%emt 0:04:39]} Qd6 {[%emt 0:04:01]} 16. Qe3 {[%emt 0:06:04]} Nc4 {[%emt 0:06:24]} 17. Qc1 {[%emt 0:00:45]} O-O-O {[%emt 0:01:52]} 18. b3 {[%emt 0:01:24]} Ne5 {[%emt 0:01:22]} 19. Qe3 {[%emt 0:00:54]} Qc6 {[%emt 0:01:16]} 20. Bf4 {[%emt 0:01:17]} Nf7 {[%emt 0:00:53]} 21. Qf3 {[%emt 0:00:28]} e5 {[%emt 0:03:56]} 22. Bc1 {[%emt 0:00:33]} Qe6 {[%emt 0:00:37]} 23. Nf5 {[%emt 0:01:04]} Bf6 {[%emt 0:00:55]} 24. Nfg3 {[%emt 0:00:39]} Ne7 {[%emt 0:00:31]} 25. Ba3 {[%emt 0:00:25]} Qc6 {[%emt 0:02:38]} 26. Bxc5 {[%emt 0:00:24]} Qxc5 {[%emt 0:01:15]} 27. Qxf6 {[%emt 0:00:01]} Rhf8 {[%emt 0:00:21]} 28. O-O {[%emt 0:00:34]} Kb8 {[%emt 0:00:40]} 29. hxg6 {[%emt 0:00:29]} hxg6 {[%emt 0:00:06]} 30. Bxg6 {[%emt 0:00:22]} Nxg6 {[%emt 0:00:37]} 31. Qxg6 {[%emt 0:00:02]} Rd6 {[%emt 0:00:27]} 32. Qg7 {[%emt 0:00:44]} Rh6 {[%emt 0:00:33]} 33. b4 {[%emt 0:01:08]} Qc8 {[%emt 0:00:05]} 34. Nf5 {[%emt 0:00:42]} Rhh8 {[%emt 0:01:06]} 35. Neg3 {[%emt 0:00:18]} Rhg8 {[%emt 0:00:40]} 36. Qf6 {[%emt 0:00:10]} Qc7 {[%emt 0:00:22]} 37. Rfe1 {[%emt 0:00:36]} e4 {[%emt 0:00:26]} 38. Qe7 {[%emt 0:00:49]} Qxc3 {[%emt 0:00:36]} 39. Nd4 {[%emt 0:00:43]} Qc8 {[%emt 0:00:35]} 40. Rc1 {[%emt 0:00:22]} Qd8 {[%emt 0:00:12]} 41. Qc5 {[%emt 0:00:16]} Ne5 {[%emt 0:00:17]} 42. Ne6 {[%emt 0:00:21]} Nd3 {[%emt 0:00:25]} 43. Qxf8 {[%emt 0:00:52]} Qxf8 {[%emt 0:00:35]} 44. Nxf8 {[%emt 0:00:03]} Nxc1 {[%emt 0:00:11]} 45. Nd7+ {[%emt 0:00:35]} Kc7 {[%emt 0:00:08]} 46. Nf6 {[%emt 0:00:19]} Nd3 {[%emt 0:00:04]} 47. Rb1 {[%emt 0:01:15]} Rf8 {[%emt 0:00:29]} 48. Ngh5 {[%emt 0:00:18]} Kd6 {[%emt 0:00:40]} 49. g4 {[%emt 0:00:20]} Bc8 {[%emt 0:00:22]} 50. Kg2 {[%emt 0:00:48]} Ke5 {[%emt 0:01:26]} 51. g5 {[%emt 0:00:14]} Bf5 {[%emt 0:00:14]} 52. Ng3 {[%emt 0:00:31]} Rc8 {[%emt 0:00:52]} 53. Nxd5 {[%emt 0:00:41]} Rc2 {[%emt 0:00:39]} 54. Rf1 {[%emt 0:00:35]} Bg4 {[%emt 0:00:45]} 55. Ne3 {[%emt 0:00:01]} Bf3+ {[%emt 0:00:06]} 56. Kg1 {[%emt 0:00:11]} Rxa2 {[%emt 0:00:35]} 57. Ngf5 {[%emt 0:00:52]} Bh5 {[%emt 0:00:39]} 58. Ne7 {[%emt 0:00:39]} Ke6 {[%emt 0:00:47]} 59. N7d5 {[%emt 0:00:25]} Ne5 {[%emt 0:00:33]} 60. Nf4+ {[%emt 0:00:07]} Kf7 {[%emt 0:00:20]} 61. Nxh5 {[%emt 0:00:10]} Kg6 {[%emt 0:00:03]} 62. Ng3 {[%emt 0:00:38]} Nf3+ {[%emt 0:00:06]} 63. Kg2 {[%emt 0:00:08]} Kxg5 {[%emt 0:01:39]} 64. Nxe4+ {[%emt 0:00:11]} Kf4 {[%emt 0:00:04]} 65. Nd5+ {[%emt 0:00:18]} Kxe4 {[%emt 0:00:58]} 66. Nc3+ {[%emt 0:00:01]} Kd3 {[%emt 0:00:20]} 67. Nxa2 {[%emt 0:00:04]} Nd2 {[%emt 0:00:13]} 68. Rd1 {[%emt 0:00:31]} Kc2 {[%emt 0:00:14]} 69. Rxd2+ {[%emt 0:00:13]} Kxd2 {[%emt 0:00:05]} 70. f4 {[%emt 0:00:04]} 1-0

[Event "84th ESP-ch 2019"]
[Site "Marbella"]
[Date "2019.11.16"]
[Round "1.42"]
[White "Clavero Santos, Ricardo"]
[Black "Moral Garcia, Serafin"]
[Result "0-1"]
[WhiteElo "1716"]
[BlackElo "2267"]
[Annotator "NA"]
[PlyCount "64"]
[EventDate "2019.11.16"]
[EventType "swiss"]
[EventCountry "ESP"]
[SourceTitle "playchess.com"]
[Source "ChessBase"]
[SourceQuality "1"]
[TimeControl "5400+30"]

1. d4 {[%emt 0:00:00]} Nf6 {[%emt 0:00:00]} 2. Nf3 {[%emt 0:00:00]} g6 {[%emt 0:00:03]} 3. Bf4 {[%emt 0:00:23]} Bg7 4. e3 {[%emt 0:00:28]} c5 {[%emt 0:00:45]} 5. c3 {[%emt 0:02:49]} b6 {[%emt 0:00:54]} 6. Be2 {[%emt 0:01:35]} O-O {[%emt 0:01:09]} 7. O-O {[%emt 0:01:10]} Bb7 {[%emt 0:00:21]} 8. Nbd2 {[%emt 0:05:21]} d6 {[%emt 0:01:40]} 9. h3 {[%emt 0:06:46]} Nbd7 {[%emt 0:02:20]} 10. Re1 {[%emt 0:03:29]} a6 {[%emt 0:03:41]} 11. Bf1 {[%emt 0:10:47]} Ne4 {[%emt 0:03:26]} 12. Nxe4 {[%emt 0:00:37]} Bxe4 {[%emt 0:00:02]} 13. Nd2 {[%emt 0:00:32]} Bb7 {[%emt 0:00:26]} 14. b4 {[%emt 0:08:23]} e5 {[%emt 0:06:19]} 15. Bh2 {[%emt 0:05:29]} d5 {[%emt 0:05:19]} 16. bxc5 {[%emt 0:05:25]} bxc5 {[%emt 0:00:18]} 17. Rb1 {[%emt 0:02:25]} Bc6 {[%emt 0:00:29]} 18. Nf3 {[%emt 0:02:10]} e4 {[%emt 0:03:23]} 19. Nd2 {[%emt 0:04:59]} c4 {[%emt 0:02:07]} 20. Qc2 {[%emt 0:13:24]} Re8 {[%emt 0:02:24]} 21. Be2 {[%emt 0:04:06]} Bf8 {[%emt 0:00:30]} 22. f3 {[%emt 0:02:02]} f5 {[%emt 0:00:31]} 23. fxe4 {[%emt 0:02:13]} fxe4 {[%emt 0:00:10]} 24. Nxc4 {[%emt 0:01:53]} dxc4 {[%emt 0:01:43]} 25. Bxc4+ {[%emt 0:00:13]} Kh8 {[%emt 0:00:02]} 26. Bf7 {[%emt 0:02:25]} Re7 {[%emt 0:02:34]} 27. Qb3 {[%emt 0:02:22]} Ba4 {[%emt 0:06:42]} 28. Qd5 {[%emt 0:02:07]} Nf6 {[%emt 0:07:08]} 29. Qc4 {[%emt 0:02:39]} Qd7 {[%emt 0:00:33]} 30. Be5 {[%emt 0:01:47]} Rxf7 {[%emt 0:00:30]} 31. Rf1 {[%emt 0:00:34]} Bg7 {[%emt 0:00:27]} 32. Rb6 {[%emt 0:01:25]} Bb5 {[%emt 0:00:17]} 0-1

[Event "84th ESP-ch 2019"]
[Site "Marbella"]
[Date "2019.11.17"]
[Round "2.1"]
[White "Rahal, Michael A"]
[Black "Vallejo Pons, Francisco"]
[Result "0-1"]
[WhiteElo "2309"]
[BlackElo "2694"]
[Annotator "TA"]
[PlyCount "142"]
[EventDate "2019.11.16"]
[EventType "swiss"]
[EventCountry "ESP"]
[SourceTitle "playchess.com"]
[Source "ChessBase"]
[SourceQuality "1"]

{[%evp 17,142,22,37,18,58,39,58,33,33,29,33,25,32,24,42,11,31,8,38,22,50,38,41,0,38,9,44,41,44,27,24,0,0,0,0,0,0,-85,-28,-30,-20,-30,-31,-75,-23,-30,-16,0,0,-29,0,-9,0,-29,-12,-48,-47,-64,-64,-96,-90,-150,-130,-125,-129,-139,-141,-273,-254,-268,-207,-177,-218,-177,-179,-287,-287,-287,-280,-280,-280,-359,-347,-356,-341,-433,-386,-396,-287,-287,-287,-287,-287,-451,-442,-407,-355,-374,0,-390,-124,-372,-365,-363,-248,-218,0,-332,0,-135,-150,-146,-143,-165,-163,-137,-140,-128,-110,-104,-103,-461,-461,-412,-422,-4918,-5238]} 1. Nf3 c5 2. c4 Nf6 3. g3 b6 4. Bg2 Bb7 5. O-O e6 6. Nc3 Be7 7. b3 O-O 8. Bb2 d6 9. d4 cxd4 10. Nxd4 {A30: Symmetrical English: Double Fianchetto and Hedgehog} Qc8 11. e3 a6 12. Bxb7 $146 {White is slightly better.} (12. e4 {feels hotter.} Nbd7 13. Qe2 Qc5 14. Rfe1 Rab8 15. Rad1) ({Predecessor:} 12. Qe2 Nbd7 13. f3 Re8 14. Rfd1 Qc7 15. Rac1 Rac8 16. g4 g6 {½-½ (35) Matnadze,A (2363)-Vallejo Pons,F (2678) Linares 2019}) 12... Qxb7 13. Qf3 Qxf3 14. Nxf3 Nbd7 15. Rfd1 Rfc8 16. Nd4 Rab8 17. Rac1 g6 18. Kf1 Rc5 19. Ba3 Rc7 20. Bb2 Kf8 21. Ke2 Nc5 22. f3 Ne8 23. e4 Nf6 24. Nc2 g5 25. Ne3 h5 26. b4 Ncd7 27. b5 (27. a3 $11) 27... Ra8 ({Better is} 27... g4 $1 $17) 28. bxa6 $11 Rxa6 29. Nb5 Rc6 30. a3 Ra4 (30... g4 $17) 31. Nd4 Rc8 32. Nb5 Rc6 33. Nd4 $1 {[%cal Rd4c6]} Rc8 34. Nb5 Ne8 35. f4 Nc5 {[%cal Bd7c5,Bc5e4,Be4g3][%mdl 32]} 36. e5 dxe5 37. Bxe5 f5 38. Rb1 g4 39. h3 (39. Kf1 $142) 39... Ne4 40. hxg4 hxg4 41. Rd7 Nxg3+ 42. Kf2 (42. Ke1 $17 {only move.}) 42... Ne4+ $19 43. Kg2 Rd8 44. Rxd8 Bxd8 45. Nd4 Nc5 ({Weaker is} 45... Rxa3 46. Nxe6+ Ke7 47. Nd4 $11) 46. Nc6 (46. Nec2 {is a better defense.}) 46... Bc7 ({Not} 46... Rxa3 47. Nxd8 Rxe3 48. Rxb6 $15) 47. Bxc7 Nxc7 48. Rxb6 Rxa3 49. Rb8+ Kg7 50. Rc8 N7a6 ({Less strong is} 50... Rxe3 51. Rxc7+ Kh6 52. Ne5 $19) 51. Nxf5+ exf5 52. Nd4 Ra2+ 53. Kg1 Ne4 54. Nxf5+ Kg6 55. Nh4+ (55. Ne3 $142) 55... Kf7 56. Ra8 Ra1+ 57. Kg2 Ra2+ 58. Kg1 Kf6 $2 (58... Nc3 $19 {has better winning chances. Hoping for ...g3.} 59. Nf5 Ne2+ 60. Kf1 Nxf4 61. Nh6+ Kg6 62. Nxg4 Nd3) 59. Rf8+ $2 (59. c5 $17) 59... Kg7 60. Ra8 Ra1+ 61. Kg2 {[#]} Ra2+ (61... Kh7 $142 $1 62. Ra7+ Kh6 63. Nf5+ Kg6) 62. Kg1 Ra1+ (62... Ra3 $19 {and Black stays clearly on top. ...Kf6 is the strong threat.} 63. Kg2 Ra5) 63. Kg2 $1 $17 Ra5 64. c5 Ra2+ (64... Nexc5 $2 65. Kg3) 65. Kg1 Nexc5 66. Nf5+ Kh7 {aiming for ...Ra4.} 67. Ne3 Ra3 68. Re8 Kg7 {And now ...Kf7 would win.} 69. Kh2 $2 {[%mdl 8192]} (69. Re5 $17) 69... Kf7 $19 70. Re5 {[#]} Nd7 $1 {[%cal Rd7e5]} 71. Re4 (71. Rd5 $142 Nf6 72. Re5) 71... Nac5 {Accuracy: White = 40%, Black = 56%.} 0-1

[Event "84th ESP-ch 2019"]
[Site "Marbella"]
[Date "2019.11.17"]
[Round "2.2"]
[White "Anton Guijarro, David"]
[Black "Martin Carmona, Gaston Manuel"]
[Result "1-0"]
[WhiteElo "2686"]
[BlackElo "2304"]
[Annotator "TA"]
[PlyCount "99"]
[EventDate "2019.11.16"]
[EventType "swiss"]
[EventCountry "ESP"]
[SourceTitle "playchess.com"]
[Source "ChessBase"]
[SourceQuality "1"]

{[%evp 19,99,0,0,0,31,17,17,12,17,18,23,16,43,57,48,47,43,35,71,66,66,60,67,58,116,109,108,101,98,98,141,101,98,95,109,109,102,102,122,116,180,180,168,178,275,274,268,263,399,195,391,392,412,397,408,400,456,454,434,422,468,440,622,622,600,596,962,887,4290,3116,4694,2284,5796,5181,29985,29986,29988,29989,29990,29991,29989,29989]} 1. Nf3 Nf6 2. c4 e6 3. Nc3 d5 4. e3 c6 5. b3 Nbd7 6. Qc2 Bd6 7. Bb2 O-O 8. Be2 Qe7 9. d4 b6 10. O-O Bb7 11. Rfe1 {D45: Semi-Slav: 5 e3} (11. Rad1 Rad8 12. Rfe1 Rfe8 13. e4 Nxe4 14. Nxe4 dxe4 15. Qxe4 Bb4 16. Rf1 Bd6 17. Bd3 f5 18. Qh4 c5 19. d5 Qxh4 20. Nxh4 g6 21. dxe6 Rxe6 22. Nxf5 gxf5 23. Bxf5 {1-0 (56) Giri,A (2780)-Duda,J (2730) chess.com INT 2019}) 11... Rac8 12. e4 dxe4 13. Nxe4 {The position is equal.} Nxe4 14. Qxe4 Nf6 15. Qh4 {[#]} c5 $146 {[#]} ({Predecessor:} 15... Bb4 16. Red1 Ba3 17. Bc3 c5 18. Ne5 Rfd8 {1-0 (37) Gordon,S (2516)-Tan,J (2513) Torquay 2019}) 16. d5 $1 {[%mdl 512]} exd5 17. Bd3 $40 {[%mdl 128] Black needs to defend precisely.} Ne4 18. cxd5 Qxh4 19. Nxh4 Nf6 20. Nf5 Rcd8 21. Rad1 Bc8 (21... a6 $14) 22. Nxd6 $16 Rxd6 23. Be5 Rdd8 24. Bc4 Bf5 25. Bxf6 gxf6 26. Re7 Rd7 27. d6 {Strongly threatening Bb5.} Rfd8 {aiming for ...Rxe7.} 28. Bxf7+ Kf8 29. Rxd7 Rxd7 {[%mdl 4096] Endgame KRB-KRB} (29... Bxd7 $16 30. Bc4 b5) 30. Bc4 $18 Rd8 31. f3 Ke8 (31... Bd7 $142 32. Kf2 b5) 32. g4 Bc8 33. Kf2 Kd7 (33... h6 $142 34. Bb5+ Bd7) 34. Bb5+ Ke6 35. Bd3 h6 36. Bf5+ Kf7 37. d7 Bb7 38. h4 Bc6 {Now ...Ke7 and Black clings on.} 39. Rd6 Bb7 40. a4 Kg7 (40... Ke7 $142) 41. f4 Kf7 42. Kg3 Kg7 43. g5 hxg5 44. fxg5 fxg5 45. hxg5 Kf7 46. Kf4 Ke7 47. Ke5 {White mates.} Ba6 {[#]} 48. Rh6 $1 Rg8 49. Rh7+ Kd8 50. Be6 {Accuracy: White = 99%, Black = 42%.} 1-0